[Event "12. Süder Sommerpokal"]
[Site "Recklinghausen"]
[Date "2001.08.08"]
[Round "5"]
[White "Arfert, Peter"]
[Black "Wormuth, Marcus"]
[Result "1-0"]
[WhiteElo "1469"]
[BlackElo "1911"]
[PlyCount "71"]
[EventDate "2001.??.??"]

1. d4 Nf6 2. Bf4 d5 3. Nf3 c6 4. c3 Nbd7 5. h3 g6 6. e3 Bg7 7. Nbd2 e6 8. a4
O-O 9. Be2 Re8 10. O-O c5 11. Qc2 b6 12. Bh2 Nf8 13. Ne5 Bb7 14. Bb5 N6d7 15.
a5 f6 16. Nxd7 Nxd7 17. a6 Bxa6 18. Rxa6 Re7 19. Rfa1 e5 20. Bc6 Rc8 21. Bxd5+
Kh8 22. Rxa7 cxd4 23. exd4 exd4 24. c4 b5 25. b3 f5 26. Qd1 d3 27. R1a2 Bd4 28.
Ra8 Nb6 29. Rxc8 Qxc8 30. Bf3 Qc5 31. Nf1 bxc4 32. bxc4 Nxc4 33. Qxd3 Nb2 34.
Rxb2 Bxb2 35. Qd8+ Kg7 36. Bd6 1-0

[Event "12. Süder Sommerpokal"]
[Site "Recklinghausen"]
[Date "2001.08.08"]
[Round "5"]
[White "Hoffmann, Mathias"]
[Black "Bömelburg, Jürgen"]
[Result "1-0"]
[WhiteElo "1306"]
[BlackElo "1778"]
[PlyCount "45"]
[EventDate "2001.??.??"]

1. d4 Nf6 2. c4 e6 3. g3 Bb4+ 4. Bd2 Qe7 5. Bg2 d5 6. Nf3 Ne4 7. O-O Nxd2 8.
Nbxd2 c6 9. Qc2 Nd7 10. a3 Ba5 11. Nb3 Bc7 12. Nfd2 Nf6 13. a4 h5 14. Rfe1 h4
15. e4 hxg3 16. hxg3 dxc4 17. Nxc4 Bd7 18. e5 Nd5 19. Qd2 O-O-O 20. Nc5 Kb8 21.
a5 f5 22. Bxd5 cxd5 23. Qb4 1-0

[Event "12. Süder Sommerpokal"]
[Site "Recklinghausen"]
[Date "2001.08.08"]
[Round "5"]
[White "Hebestreit, Andreas"]
[Black "Rolle, Harald"]
[Result "1-0"]
[WhiteElo "1776"]
[BlackElo "1418"]
[PlyCount "69"]
[EventDate "2001.??.??"]

1. d4 Nf6 2. Nf3 e6 3. c4 c5 4. d5 exd5 5. cxd5 d6 6. Nc3 g6 7. e4 Bg7 8. Be2
O-O 9. O-O a6 10. a4 Nbd7 11. h3 Nh5 12. Ne1 Nhf6 13. Bf4 Ne8 14. Bh2 Ne5 15.
f4 Nd7 16. Nf3 f6 17. Qc2 Rb8 18. Kh1 Rf7 19. Rfe1 Nf8 20. Bc4 Nc7 21. e5 b5
22. axb5 axb5 23. Bf1 dxe5 24. fxe5 fxe5 25. Nxe5 Bxe5 26. Bxe5 Bd7 27. d6 Nce6
28. Nd5 Ng7 29. Ne7+ Kh8 30. Qxc5 Nfe6 31. Qe3 b4 32. Qh6 Nf8 33. Bc4 Rxe7 34.
dxe7 Qxe7 35. Bxb8 1-0

[Event "12. Süder Sommerpokal"]
[Site "Recklinghausen"]
[Date "2001.08.08"]
[Round "5"]
[White "Selbach, Sascha"]
[Black "Bergmann, Josef"]
[Result "0-1"]
[WhiteElo "1199"]
[BlackElo "1774"]
[PlyCount "86"]
[EventDate "2001.??.??"]

1. Nf3 f5 2. c4 Nf6 3. b3 b6 4. g3 Bb7 5. Bg2 e6 6. Bb2 Be7 7. O-O O-O 8. d3
Qe8 9. Nbd2 d6 10. Re1 e5 11. e4 fxe4 12. Nxe4 Nxe4 13. dxe4 Qg6 14. Qc2 Nd7
15. Rab1 Nc5 16. Nd2 Bg5 17. f3 Qh6 18. Bc1 Ne6 19. Nf1 Nd4 20. Qc3 Bxc1 21.
Rbxc1 g5 22. Nd2 Bc8 23. Qe3 Qg7 24. Rf1 Rf6 25. Nb1 Bd7 26. Nc3 c6 27. Ne2 c5
28. Nxd4 cxd4 29. Qd3 Raf8 30. Rf2 h5 31. Bf1 R6f7 32. Be2 Qh8 33. Bd1 g4 34.
Rcc2 gxf3 35. Bxf3 Bg4 36. Bg2 Qh6 37. a3 Rxf2 38. Rxf2 Qc1+ 39. Qf1 Qe3 40. h3
Bd1 41. g4 hxg4 42. hxg4 Bxb3 43. Bf3 Rxf3 0-1

[Event "12. Süder Sommerpokal"]
[Site "Recklinghausen"]
[Date "2001.08.08"]
[Round "5"]
[White "Hellbing, Bernd"]
[Black "Kuznesov, Mark"]
[Result "1-0"]
[WhiteElo "1756"]
[BlackElo "1112"]
[PlyCount "112"]
[EventDate "2001.??.??"]

1. c4 e5 2. g3 Nf6 3. Bg2 Nc6 4. Nc3 Bc5 5. a3 a5 6. e3 O-O 7. Nge2 Re8 8. O-O
d6 9. h3 Bf5 10. d4 exd4 11. Nxd4 Bxd4 12. exd4 Qd7 13. Kh2 Nd8 14. Bg5 Ne6 15.
Bxf6 gxf6 16. Nd5 Kg7 17. Ne3 Bg6 18. h4 h5 19. Bh3 Qd8 20. Nf5+ Kh7 21. Qd2
Bxf5 22. Bxf5+ Kg7 23. g4 hxg4 24. Rg1 Kf8 25. Qh6+ Ke7 26. d5 Kd7 27. Rxg4 c6
28. Rg7 Re7 29. Rxf7 Rxf7 30. dxe6+ Kc7 31. exf7 Qe7 32. Qe3 Qxf7 33. Re1 Qxc4
34. Qe4 Qb3 35. Qd4 Rf8 36. Re7+ Kb8 37. Qxd6+ Ka7 38. Qc5+ Kb8 39. Re3 Qf7 40.
Qe7 Qxe7 41. Rxe7 Rh8 42. Kh3 Rd8 43. Bd7 Ka7 44. Bxc6 Kb6 45. Bxb7 Rd2 46. Kg2
Rxb2 47. h5 Rb5 48. h6 Rh5 49. h7 Kb5 50. Bf3 Rh4 51. a4+ Kc5 52. Be4 Kd4 53.
f3 Kc4 54. Re8 Kb4 55. h8=Q Rxh8 56. Rxh8 Kxa4 1-0

[Event "12. Süder Sommerpokal"]
[Site "Recklinghausen"]
[Date "2001.08.08"]
[Round "5"]
[White "Oberste, Norbert"]
[Black "Lange, Hans-Werner"]
[Result "1-0"]
[WhiteElo "1624"]
[BlackElo "1472"]
[PlyCount "73"]
[EventDate "2001.??.??"]

1. f4 Nf6 2. Nf3 g6 3. e3 Bg7 4. d4 O-O 5. Bd3 d6 6. e4 Nbd7 7. e5 Nd5 8. c3 c5
9. dxc5 Nxc5 10. Bc2 e6 11. O-O dxe5 12. fxe5 b5 13. Bg5 Qc7 14. Qe2 a6 15.
Nbd2 Bb7 16. Rae1 f6 17. exf6 Nxf6 18. Nb3 Nce4 19. Bxf6 Nxf6 20. Qxe6+ Kh8 21.
Ng5 Bc8 22. Qe7 Qb6+ 23. Qc5 Qxc5+ 24. Nxc5 h6 25. Nge6 Bxe6 26. Nxe6 Rfb8 27.
Bxg6 Ra7 28. Nf4 Bf8 29. Re6 Nh7 30. Nh5 Ng5 31. Re8 Rxe8 32. Bxe8 Bc5+ 33. Kh1
Re7 34. Bc6 Kh7 35. h4 Ne4 36. Bxe4+ Rxe4 37. Nf6+ 1-0

[Event "12. Süder Sommerpokal"]
[Site "Recklinghausen"]
[Date "2001.08.08"]
[Round "5"]
[White "Rausch, Peter"]
[Black "Klutschko, Oleg"]
[Result "1-0"]
[WhiteElo "1478"]
[BlackElo "1233"]
[PlyCount "97"]
[EventDate "2001.??.??"]

1. e4 e5 2. Nf3 Nc6 3. Bb5 Nf6 4. O-O d6 5. d4 exd4 6. Nxd4 Bd7 7. Re1 Be7 8.
Nc3 O-O 9. Bf4 Re8 10. Nxc6 bxc6 11. Bd3 Ng4 12. Qf3 Bf6 13. h3 Ne5 14. Bxe5
Bxe5 15. Bc4 Qf6 16. Qxf6 Bxf6 17. Rab1 Re5 18. Re3 Rb8 19. Bb3 Rg5 20. Rd1 Re8
21. Rf3 h5 22. a4 Ree5 23. Rdd3 h4 24. Rxf6 gxf6 25. f4 Rg6 26. fxe5 Bc8 27.
exd6 cxd6 28. Kh2 Ba6 29. Rxd6 Bf1 30. Rd2 Kf8 31. Nd1 Ke7 32. Ne3 Ba6 33. Bc4
Bc8 34. b4 Rg5 35. Bd3 Ke6 36. b5 Bd7 37. c4 Ke5 38. Nf5 Rg8 39. bxc6 Bxf5 40.
exf5 Rc8 41. Re2+ Kd6 42. Be4 Re8 43. Bf3 Rxe2 44. Bxe2 Kxc6 45. g3 Kd6 46.
gxh4 Ke5 47. Bd3 Kf4 48. h5 Kg5 49. c5 1-0

[Event "12. Süder Sommerpokal"]
[Site "Recklinghausen"]
[Date "2001.08.08"]
[Round "5"]
[White "Kötz, Jan"]
[Black "Klees, Robert"]
[Result "0-1"]
[WhiteElo "1150"]
[BlackElo "1239"]
[PlyCount "66"]
[EventDate "2001.??.??"]

1. d4 Nf6 2. Bf4 c5 3. dxc5 e6 4. Nd2 Bxc5 5. e3 Nc6 6. Ne2 b5 7. h3 a6 8. a3
Bb7 9. Bh2 O-O 10. Nf4 Be7 11. Bd3 g6 12. O-O e5 13. Ne2 d5 14. Ng3 Rc8 15. Rb1
Bd6 16. Nf3 e4 17. Nxe4 Bxh2+ 18. Nxh2 dxe4 19. Be2 Qc7 20. g3 Ne5 21. Rc1 Rfd8
22. Qe1 Nf3+ 23. Nxf3 exf3 24. Bd3 Ne4 25. Kh2 Qd7 26. Rd1 Qe6 27. Bxe4 Rxd1
28. Qxd1 Qxe4 29. Qc1 Rxc2 30. Qd1 Rc8 31. Qa1 Qc2 32. Qd1 Qxd1 33. Rxd1 Rc2 {
Zeit} 0-1